| 000 | 00498nam a2200169Ia 4500 | ||
|---|---|---|---|
| 008 | 151021s9999 xx 000 0 und d | ||
| 020 | _a9.7802737148e+012 | ||
| 050 | _aHF5625.C74 2008 | ||
| 245 | _a_Comparative International Accounting Nobes Christopher | ||
| 250 | _a10th ed. | ||
| 260 | _aNew York Pearson Education 2008 | ||
| 300 | _axxi,603p. | ||
| 500 | _aincludes index | ||
| 650 | _a_International Accounting | ||
| 700 | _a_Robert Parker | ||
| 980 | _a^d20101209 04:52:58^okoech | ||
| 999 |
_c5602 _d5602 |
||